La nueva ley de responsabilidad penal de personas jurídicas y el compliance : análisis de la Ley 27.401 /
Guardado en:
| Otros Autores: | , , , , , |
|---|---|
| Formato: | Desconocido |
| Idioma: | Spanish |
| Publicado: |
Ciudad Autónoma de Buenos Aires :
Erreius,
2018.
|
| Edición: | 1a. ed. |
| Materias: | |
| Etiquetas: |
Agregar Etiqueta
Sin Etiquetas, Sea el primero en etiquetar este registro!
|
| LEADER | 00740nac a22002175a 4500 | ||
|---|---|---|---|
| 001 | DER.der013602 | ||
| 008 | 180615s2018####ag#||||||||||||||#||spa|| | ||
| 005 | 20250808123548.0 | ||
| 245 | 1 | 0 | |a La nueva ley de responsabilidad penal de personas jurídicas y el compliance : |b análisis de la Ley 27.401 / |c Daniel R. Vítolo...[et. al.]. |
| 250 | |a 1a. ed. | ||
| 260 | |a Ciudad Autónoma de Buenos Aires : |b Erreius, |c 2018. | ||
| 300 | |a 72 p. | ||
| 020 | |a 9789870121784 | ||
| 700 | 1 | |a Vítolo, Daniel Roque. | |
| 700 | 1 | |a Borzi Cirilli, Fderico A. | |
| 700 | 1 | |a Yebra, Pablo. | |
| 700 | 1 | |a Mames, Daniel. | |
| 700 | 1 | |a Casal, Armando M. | |
| 700 | 1 | |a Bruno Ozollo, Francisco J. | |
| 650 | 7 | |a DERECHO PENAL | |
| 859 | |a DERECHO |b BIB. DERECHO |h 345 |i NUE |p 008630 | ||
